| 000 | 00905namaa2200313 i 4500 | ||
|---|---|---|---|
| 003 | EG-GICUC | ||
| 005 | 20251201140340.0 | ||
| 008 | 251201s1994 enk||||gr|||| 000 1 eng d | ||
| 020 | _a0099218712 | ||
| 040 |
_aEG-GiCUC _beng _cEG-GiCUC _dEG-GiCUC _erda |
||
| 082 | 0 | 4 |
_221 _a823 _bO418s |
| 092 | 0 | 4 |
_221 _a823 _bO418s |
| 099 | _a823 O418s | ||
| 100 | 1 |
_aOkri, Ben _eAuthor. |
|
| 245 | 1 | 0 |
_aSongs of enchantment : _ba novel / _cBen Okri. |
| 264 |
_aLondon : _bvintage ; _c1994. |
||
| 300 |
_a297 pages ; _c20 cm |
||
| 336 |
_2rdacontent _atext |
||
| 337 |
_2rdamedia _aUnmediated |
||
| 338 |
_2rdacarrier _avolume |
||
| 504 | _a. | ||
| 541 |
_aDr. Jabir Usfour ; _bCairo ; _cGift ; _d2024. |
||
| 650 | 1 |
_aBoys _xFiction. _2qrmak |
|
| 650 | 1 |
_aVillages _xFiction. |
|
| 650 | 1 |
_aParent and child _xFiction. |
|
| 651 | 1 |
_2qrmak _aNigeria _xFiction. |
|
| 905 | _aAsmaa | ||
| 942 |
_2ddc _cBK _e21 _n0 |
||
| 999 |
_c176384 _d176384 |
||